00604nam a22001697a 450000500170000001000150001702000260003203500130005803700130007108200080008424500980009226000480019027000980023830000340033650000400037070000240041020130821110747.0 aENG-107832 a9789382163244c650.00 aEN-91365 bDBAD/PUB a658 aManagement :cedited by P. Srinivasa Reddy... [et al]bissues and challenges for the decade / aHyderabadbParamount Publishing Housec2012 a3-5-1105, 2nd floor, PVR Estates, behind Hero Honda showroom, NarayanagudabHyderabade500029 axix, 493p. :c24cm(pbk)bill. aIncludes bibliographical references dReddy, P. Srinivasa